1951 1557 1497 1184 1528 1856 1957 1700 1380 1131 1945 1506 1659 1230 1041 1060 1711 1804 1222 1552 1212 1324 1465 1266 1414 1042 1358 1373 1932 1953 1377 1966 1631 1294 1758 1603 1253 1137 1952 1563 1801 1725 1154 1176 1701 1059 1142 1165 1795 1627 1306 1521 1156 1277 1062 1474 1446 1022 1296 1687 1328 1074 1771 1244 1700 1116 1100 1565 1296 1365 1683 1222 1037 1729 1444 1330 1161 1243 1645 1497 1359 1350 1251 1716 1758 1906 1921 1568 1373 1292 1713 1590 1027 1806 1321 1017 1916 1138 1283 BCNSPRNW ULIB Ver.6.0+V

เปลี่ยนเป็นภาษาไทย

Change to English
 แสดงรายละเอียดบรรณานุกรม
  กลับหน้าหลัก

Brief Record : Get Marc (ISO 2709) : E-mail record : QR code < ปิดหน้าต่าง
LEADER : 00000nam 2200000uu 4500
001    13399127588
003     ULIB
008    210222s2562||||th 000 0 tha d
020 ^- ^a9786165650465
060 ^- ^aWQ209^bก733ก
100 0^ aกุณฑรี ไตรศรีศิลป์ หมื่นพินิจ.
245 10 ^aการตรวจคลื่นเสียงความถี่สูงทางสูติศาสตร์ =Obstetric ultrasound /กุณฑรี ไตรศรีศิลป์ หมื่นพินิจ.
250 ^- ^aพิมพ์ครั้งที่ 1.
260 ^- ^aกรุงเทพฯ :^bโรงพิมพ์ บริษัทลักษมีรุ่ง จำกัด,^c2562
300 ^- ^aviii, 236 หน้า :^bภาพประกอบ.
650 ^4 ^aการวินิจฉัยก่อนคลอดด้วยคลื่นเสียงความถี่สูง.
650  0 ^aโรคของทารกในครรภ์
650  0 ^aการวินิจฉัยด้วยคลื่นเสียงความถี่สูง.
945    ^p500^l0^i28614
945    ^p500^l0^i28615
945    ^p500^l0^i28616
945    ^p500^l0^i28617
945    ^p500^l0^i28618
999    ^aกัณชพร จุลอักษร
รายการนี้ยังไม่มีแท็ก
คุณยังไม่ได้ล็อกอิน คุณสามารถมีกิจกรรมร่วมกับเว็บไซต์ได้ แต่ต้องล็อกอินก่อน ::
  ล็อกอิน

รายการสื่อสารสนเทศ

ลำดับที่ ประเภท เลขเรียก/บาร์โค้ด สถานที่ สถานะ
1. หนังสือสำรอง
หนังสือสำรอง
WQ209 ก733ก ฉ.1 
  Barcode: 28614
ห้องสมุดวิทยาเขตนครสวรรค์
►หนังสือทั่วไป:l:General Books
บนชั้น
2. วิทยาศาสตร์การแพทย์ และสุขภาพ
วิทยาศาสตร์การแพทย์ และสุขภาพ
WQ209 ก733ก ฉ.2 
  Barcode: 28615
ห้องสมุดวิทยาเขตนครสวรรค์
►หนังสือทั่วไป:l:General Books
บนชั้น
3. วิทยาศาสตร์การแพทย์ และสุขภาพ
วิทยาศาสตร์การแพทย์ และสุขภาพ
WQ209 ก733ก ฉ.3 
  Barcode: 28616
ห้องสมุดวิทยาเขตนครสวรรค์
►หนังสือทั่วไป:l:General Books
บนชั้น
4. วิทยาศาสตร์การแพทย์ และสุขภาพ
วิทยาศาสตร์การแพทย์ และสุขภาพ
WQ209 ก733ก ฉ.4 
  Barcode: 28617
ห้องสมุดวิทยาเขตนครสวรรค์
►หนังสือทั่วไป:l:General Books
บนชั้น
5. วิทยาศาสตร์การแพทย์ และสุขภาพ
วิทยาศาสตร์การแพทย์ และสุขภาพ
WQ209 ก733ก ฉ.5 
  Barcode: 28618
ห้องสมุดวิทยาเขตนครสวรรค์
►หนังสือทั่วไป:l:General Books
บนชั้น

รายการใกล้เคียง
    ชื่อเรื่อง [การตรวจคลื่นเสียงความถี่สูงทางสูติศาสตร์ =Obstetric ultrasound /กุณฑรี ไตรศรีศิลป์ หมื่นพินิจ.]

    หัวเรื่อง [การวินิจฉัยก่อนคลอดด้วยคลื่นเสียงความถี่สูง.]
    หัวเรื่อง [โรคของทารกในครรภ์]
    หัวเรื่อง [การวินิจฉัยด้วยคลื่นเสียงความถี่สูง.]

BibComment


ยังไม่เคยถูกคอมเมนท์

คอมเมนท์ทรัพยากรรายการนี้
  คอมเมนท์: การตรวจคลื่นเสีย..


 Copyright 2026. Bcnsprnw @Library